| 000 | 00456nam a2200133Ia 4500 | ||
|---|---|---|---|
| 008 | 171212s9999 xx 000 0 und d | ||
| 020 | _a9781846318610 | ||
| 100 | _aMorrey, Douglas | ||
| 245 |
_cMorrey, Douglas _aMichel Houellebecq _bHumanity and its Aftermath |
||
| 260 |
_bLiverpool University Press _c2013 |
||
| 440 | _aContemporary French and Francophone Cultures | ||
| 650 | _aLanguage & Literature | ||
| 856 | _uhttp://www.jstor.org/stable/j.ctt5vjgbv | ||
| 999 |
_c351501 _d351501 |
||